|
|
|
|
| LEADER |
00000nam0a2200000 4500 |
| 001 |
235581 |
| 005 |
20231101231418.0 |
| 010 |
|
|
|a 9785942755836
|
| 035 |
|
|
|a (RuTPU)RU\TPU\book\256719
|
| 090 |
|
|
|a 235581
|
| 100 |
|
|
|a 20130412d2012 m y0rusy50 ca
|
| 101 |
0 |
|
|a rus
|
| 102 |
|
|
|a RU
|
| 105 |
|
|
|a a j 001zy
|
| 200 |
1 |
|
|a Основы трибологии и триботехники
|e учебное пособие
|f Н. С. Пенкин, А. Н. Пенкин, В. М. Сербин
|
| 205 |
|
|
|a 2-е изд., стер.
|
| 210 |
|
|
|a Москва
|c Машиностроение
|d 2012
|
| 215 |
|
|
|a 208 с.
|c ил.
|
| 225 |
1 |
|
|a Для вузов
|
| 320 |
|
|
|a Библиогр.: с. 205-207.
|
| 330 |
|
|
|a В учебном пособии, в соответствии с программой дисциплины «Основы трибологии», разработанной специалистами Ассоциации инженеров-триболо-гов России, изложены основные положения контактного взаимодействия твердых тел, свойства и топография их поверхностей, природа и виды внешнего трения, влияние различных факторов на трение. Описаны различные виды изнашивания, роль смазки, температуры, фрикционное™ и антифрикционное™ мате риалов для деталей сопряжений, основные способы повышения износостойко сти материалов и деталей машин. Приведены расчетные методы оценки интенсивности изнашивания наиболее часто встречающихся трибосопряжений. Рассматриваются основные положения моделирования трибологических процессов, методы испытания на трение и изнашивание, а также роль трибологии в решении социально-экономических проблем, обусловленных трибологическими источниками: потери от недовыпуска продукции, потери всех видов ресурсов, ухудшение экологичности, энергетической эффективности различных видов транспорта и др. Пособие рассчитано на студентов технических специальностей, изучающих эту дисциплину или ее разделы в других дисциплинах, аспирантов, научных и инженерно-технических специалистов в области трения, износа и смазки в машинах.
|
| 606 |
1 |
|
|a Трибология
|2 stltpush
|3 (RuTPU)RU\TPU\subj\61591
|9 78776
|
| 610 |
1 |
|
|a триботехника
|
| 610 |
1 |
|
|a конструкционная прочность
|
| 610 |
1 |
|
|a трибосопряжение
|
| 610 |
1 |
|
|a поверхностный слой
|
| 610 |
1 |
|
|a твердые тела
|
| 610 |
1 |
|
|a поверхности
|
| 610 |
1 |
|
|a топография
|
| 610 |
1 |
|
|a внешнее трение
|
| 610 |
1 |
|
|a детали машин
|
| 610 |
1 |
|
|a машины
|
| 610 |
1 |
|
|a материалы
|
| 610 |
1 |
|
|a изнашивание
|
| 610 |
1 |
|
|a фрикционные материалы
|
| 610 |
1 |
|
|a антифрикционные материалы
|
| 610 |
1 |
|
|a смазочные материалы
|
| 610 |
1 |
|
|a износостойкость
|
| 610 |
1 |
|
|a моделирование
|
| 610 |
1 |
|
|a лабораторные испытания
|
| 610 |
1 |
|
|a учебные пособия
|
| 675 |
|
|
|a 621.891(075.8)
|v 3
|
| 700 |
|
1 |
|a Пенкин
|b Н. С.
|g Николай Семенович
|
| 701 |
|
1 |
|a Пенкин
|b А. Н.
|g Александр Николаевич
|
| 701 |
|
1 |
|a Сербин
|b В. М.
|g Виктор Михайлович
|
| 801 |
|
1 |
|a RU
|b 63413507
|c 20130412
|
| 801 |
|
2 |
|a RU
|b 63413507
|c 20140729
|g RCR
|
| 900 |
|
|
|a Основы трибологии
|
| 942 |
|
|
|c BK
|
| 951 |
|
|
|b 170600
|
| 959 |
|
|
|a 21/20130206
|d 5
|e 400,00
|f ЧЗТЛ:1
|f АНЛ:1
|f УФ:3
|